| 000 | 00523nam a22001817a 4500 | ||
|---|---|---|---|
| 005 | 20251108173519.0 | ||
| 008 | 250721s2001 xx 000 0 ara d | ||
| 082 | 1 | 4 | _aم/ط/ 597.6/موس |
| 245 | 1 | 0 | _aالبرمائيات والزواحف / |
| 264 | 1 |
_aدمشق : _bدار الرشيد، _c2001. |
|
| 300 | _aج 4 | ||
| 490 | 0 | _aموسوعة الحيوان | |
| 650 | 1 | 7 | _aالبرمائيات |
| 650 | 1 | 7 | _aالزواحف |
| 653 | _aناشئون صغار (10-14 سنة ) | ||
| 942 |
_2ddc _cBK |
||
| 999 |
_c105728 _d105728 |
||